UM Logo

Russian for dummies / (Record no. 19339)

MARC details
000 -LEADER
fixed length control field 00702nam a2200181 4500
008 - FIXED-LENGTH DATA ELEMENTS--GENERAL INFORMATION
fixed length control field 240223b ||||| |||| 00| 0 eng d
082 ## - DEWEY DECIMAL CLASSIFICATION NUMBER
Classification number DC 491.783421
Item number K162 2022
100 ## - MAIN ENTRY--PERSONAL NAME
Personal name Kaufman, Andrew D.
9 (RLIN) 53254
245 ## - TITLE STATEMENT
Title Russian for dummies /
Statement of responsibility, etc. Andrew Kaufman and Serafima Gettys.
250 ## - EDITION STATEMENT
Edition statement 3rd edition.
260 ## - PUBLICATION, DISTRIBUTION, ETC. (IMPRINT)
Place of publication, distribution, etc. Hoboken, NJ :
Name of publisher, distributor, etc. John Wiley & Sons, Inc.,
Date of publication, distribution, etc. ©2022.
300 ## - PHYSICAL DESCRIPTION
Extent xv, 376 pages :
Other physical details illustrations ;
Dimensions 23 cm.
500 ## - GENERAL NOTE
General note Includes appendices and index.
650 ## - SUBJECT ADDED ENTRY--TOPICAL TERM
Topical term or geographic name as entry element Russian language
General subdivision Textbooks for foreign speakers
-- English.
9 (RLIN) 53255
650 ## - SUBJECT ADDED ENTRY--TOPICAL TERM
Topical term or geographic name as entry element Russian language
General subdivision Sound recordings for English speakers.
9 (RLIN) 53256
700 ## - ADDED ENTRY--PERSONAL NAME
Personal name Gettys, Serafima
Relator term author.
9 (RLIN) 53257
942 ## - ADDED ENTRY ELEMENTS (KOHA)
Source of classification or shelving scheme Dewey Decimal Classification
Koha item type Circulation
Holdings
Withdrawn status Lost status Source of classification or shelving scheme Damaged status Not for loan Collection code Home library Current library Date acquired Source of acquisition Cost, normal purchase price Total Checkouts Full call number Barcode Date last seen Price effective from Koha item type
    Dewey Decimal Classification     Circulation UM Digos College - LIC UM Digos College - LIC 07/19/2023 Purchased 2333.00   DC 491.783421 K162 2022 27992 05/15/2025 02/23/2024 Circulation